000
00333nam a22001577a 4500
020
_a
81-8204-043-4
082
_a
641.4
_b
SIN
100
_a
SINGH, D.K
245
_a
FOOD PRESERNATION
250
_a
1ST
260
_a
DELHI
_b
AMAN PUBLISHER
_c
2007
300
_a
264
650
_a
FOOD MANAGEMENT
653
_a
FOOD
942
_2
ddc
_c
BK
999
_c
8091
_d
8091